000 00663cam a2200217 4500500
005 20260329010135.0
041 _afre
042 _adc
100 1 0 _aOrtoli, Sven
_eauthor
245 0 0 _aÉdito : I.Alien
260 _c2023.
500 _a74
690 _aAlien
690 _aHannah Arendt
690 _aIntelligence Artificielle
690 _aNick Bostrom
690 _aNoam Chomsky
690 _aTechnologies
786 0 _nPhilosophie magazine - Hors séries | Hors série - Pritemps 2023 | HS57 | 2023-04-01 | p. 1-1 | 2104-9246
856 4 1 _uhttps://shs.cairn.info/magazine-philosophie-magazine-2023-3-page-1?lang=fr&redirect-ssocas=7080
999 _c1849823
_d1849823